| 000 | 00520nam a2200169Ia 4500 | ||
|---|---|---|---|
| 999 |
_c18644 _d18644 |
||
| 003 | OSt | ||
| 005 | 20200709104058.0 | ||
| 008 | 190216s9999||||xx |||||||||||||| ||und|| | ||
| 040 | _coclc | ||
| 082 |
_a954.0420924 _bNEH/J |
||
| 100 |
_aNehru, Jawaharlal _93188 |
||
| 245 | 0 |
_aJawaharlal Nehru An Autobiography / _cJawaharlal Nehru |
|
| 260 |
_bAllied Publishers Limited, _c1962. _aBombay: |
||
| 300 | _a623p | ||
| 650 | _aEnglish Essay | ||
| 942 |
_cBK _2ddc _h954.0420924 _iNEH/J _k954.0420924 _mNEH/J |
||